000 01048nam a2200265Ia 4500
003 OSt
005 20221005103832.0
006 a|||||r|||| 00| 0
007 ta
008 221004b |||||||| |||| 00| 0 san d
020 _a9788178541938 (hbk)
_c750
024 _a13907
037 _bSP/3343, 19/03/2014, Star Publications Pvt. Ltd.
_cTextual
040 _aCRL
_cCRL
_bsan
041 _2san
_asan
082 _aQ22:223:g(S:55), 152M2;Q1
100 _aतिवारी, रामचन्द्र
245 0 _aश्रीमद्भागवत पुराण में प्रेमतत्व
246 _aShrīmadbhāgavat purāṇ mean prematatva
260 _aदिल्ली
_bईस्टर्न बुक लिंकर्स भारत
_c2011
300 _a362पृ0
_ccm.
650 _aधर्म
942 _hQ22:223:g(S:55), 152M2;Q1
_cTEXL
_2cc
999 _c1011050
_d1011050